000 00862nam a22002177a 4500
999 _c65117
_d65117
005 20240530110808.0
008 190313s1988 ua g 000 0 ara d
017 _a1990/4651
_bمصر. دار الكتب
020 _a9775031028
040 _aEG-CaGPL
_cEG-CaGPL
082 0 4 _221
_a155/
_bك د
110 _aكلية التربية
245 1 0 _aدراسة مسيحية تقويمية للبحوث التربوية والنفسية منذ الثلاثينات :
_bالتقرير التهائى /
_cكلية التربية
260 _aالقاهرة :
_bكلية التربية : جامعة عين الشمس،
_c1988.
300 _a905 ص. ؛
_c24 سم.
650 7 _2qrmak
_aعلم النفس التربوى
650 7 _2qrmak
_aالصحة النفسية
650 7 _2qrmak
_aعلم النفس الاجتماعى
651 _2qrmak
942 _2ddc
_cBK